Los Determinantes de la inversión en El Salvador

Guardat en:
Dades bibliogràfiques
Format: Text
Matèries:
Etiquetes: Afegir etiqueta
Sense etiquetes, Sigues el primer a etiquetar aquest registre!

MARC

LEADER 00000 a a2200000 04500
001 6593
003
040
245 |a Los Determinantes de la inversión en El Salvador  
650 |a INVERSIONES EXTRAJERAS  
650 |a TASA DE INTERES  
773 |g volumen 23, número 1008; páginas 6-7  
999 |c 38308  |d 38308